| 000 | 00851nam a2200229 a 4500 | ||
|---|---|---|---|
| 001 | BRCA_3781 | ||
| 005 | 20190320204425.0 | ||
| 008 | 081109s1845----mx-#---###---#000-0#spa-# | ||
| 041 | _aspa | ||
| 044 | _amx | ||
| 050 | 4 |
_aF1232 _b.B87 1845 |
|
| 100 | 1 |
_aBustamante, Carlos Maria de _d1774-1848. _9555 |
|
| 245 | 1 | 0 |
_aApuntes para la historia del gobierno del general Antonio López de Santa-Anna, desde principios de 1841 hasta 6 de diciembre de 1844, en que fué depuesto del mando por uniforme voluntad de la nación _cescrita por el autor del cuadro histórico de la revolución mexicana. |
| 260 |
_aMéxico _bImp. de J.M. Lara _c1845 |
||
| 300 |
_a460 p. _c20 cm. |
||
| 500 | _aB140 | ||
| 600 | 1 | 4 |
_aSanta Anna, Antonio López de _d1795-1876. _99857 |
| 650 | 1 | 4 |
_aHistoria. _98124 |
| 651 | 4 |
_aMéxico. _99858 |
|
| 902 | _aGFM | ||
| 942 |
_2lcc _cB |
||
| 999 |
_c3510 _d3510 |
||